[Event "BCF-chT 2223 (4NCL)"]
[Site "England"]
[Date "2023.03.19"]
[Round "8.2"]
[White "Grieve, Harry"]
[Black "Colovic, Aleksandar"]
[Result "1/2-1/2"]
[WhiteElo "2410"]
[BlackElo "2440"]
[PlyCount "77"]
[EventDate "2022.10.22"]
[EventType "team-swiss"]
[EventRounds "11"]
[EventCountry "ENG"]
[SourceTitle "CBM 213 Extra"]
[Source "ChessBase"]
[SourceDate "2023.05.31"]
[SourceVersion "1"]
[SourceVersionDate "2023.05.31"]
[SourceQuality "1"]
[WhiteTeam "The Sharks"]
[BlackTeam "Chessable White Rose"]
[WhiteTeamCountry "ENG"]
[BlackTeamCountry "ENG"]

1. e4 e5 2. Nf3 Nf6 3. Nxe5 d6 4. Nf3 Nxe4 5. d4 d5 6. Bd3 Be7 7. 0-0 Nc6 8. Nbd2 Bf5 9. Re1 Nxd2 10. Qxd2 Qd7 11. Ne5 Nxe5 12. Bxf5 Nf3+ 13. gxf3 Qxf5 14. Qb4 Qg6+ 15. Kh1 Qd6 16. Qb5+ Qc6 17. Qb4 Qd6 18. Qxb7 0-0 19. Qb3 Rab8 20. Qd3 Qf6 21. Rg1 Qh4 22. Rg4 Qh5 23. b3 Bd6 24. Rg2 Rfe8 25. Bd2 Re6 26. f4 c6 27. Rag1 g6 28. f3 Rf6 29. Rg5 Qh6 30. Qe2 Re6 31. Qg2 Rbe8 32. f5 Re2 33. Rxg6+ fxg6 34. Bxh6 Rxg2 35. Rxg2 Re1+ 36. Rg1 Re2 37. Rg2 Re1+ 38. Rg1 Re2 39. Rg2 1/2-1/2

[Event "EU-ch 23rd"]
[Site "Vrnjacka Banja"]
[Date "2023.03.09"]
[Round "7"]
[White "Grieve, Harry"]
[Black "Skvortsov, Andrei"]
[Result "1/2-1/2"]
[WhiteElo "2455"]
[BlackElo "2298"]
[PlyCount "85"]
[EventDate "2023.03.03"]
[EventType "swiss"]
[EventRounds "11"]
[EventCountry "SRB"]
[SourceTitle "CBM 213"]
[Source "ChessBase"]
[SourceDate "2023.04.30"]
[SourceVersion "1"]
[SourceVersionDate "2023.04.30"]
[SourceQuality "1"]

1. e4 e5 2. Nf3 Nf6 3. Nxe5 d6 4. Nf3 Nxe4 5. d4 d5 6. Bd3 Bd6 7. 0-0 0-0 8. c4 c6 9. Nc3 Nxc3 10. bxc3 dxc4 11. Bxc4 Nd7 12. Re1 h6 13. Bb3 Re8 14. Rxe8+ Qxe8 15. Qd3 Nf8 16. c4 Qd8 17. Bb2 Qf6 18. Re1 Bf5 19. Qd2 Ng6 20. d5 Qd8 21. Nd4 Bd7 22. Bc2 Qf6 23. Ba1 cxd5 24. Nf3 Qf4 25. Qc3 d4 26. Qxd4 Qxd4 27. Bxd4 b6 28. Rd1 Be6 29. Bxg7 Bxh2+ 30. Kxh2 Kxg7 31. Bb3 Rc8 32. Nd4 Bxc4 33. Rc1 Ba6 34. Rc6 Ne7 35. Rd6 Rc7 36. f4 Bc8 37. Nb5 Rd7 38. Rxd7 Bxd7 39. Nxa7 Nf5 40. Bd5 Nd4 41. Kg3 Kf6 42. Kf2 Kf5 43. Ke3 1/2-1/2

[Event "EU-ch 23rd"]
[Site "Vrnjacka Banja"]
[Date "2023.03.08"]
[Round "6"]
[White "Parligras, Cosmin"]
[Black "Grieve, Harry"]
[Result "1/2-1/2"]
[WhiteElo "2260"]
[BlackElo "2455"]
[PlyCount "75"]
[EventDate "2023.03.03"]
[EventType "swiss"]
[EventRounds "11"]
[EventCountry "SRB"]
[SourceTitle "CBM 213"]
[Source "ChessBase"]
[SourceDate "2023.04.30"]
[SourceVersion "1"]
[SourceVersionDate "2023.04.30"]
[SourceQuality "1"]

1. e4 c5 2. c3 Nf6 3. e5 Nd5 4. d4 cxd4 5. cxd4 d6 6. Nf3 e6 7. Bc4 Be7 8. 0-0 0-0 9. Re1 Nc6 10. Qe2 Qb6 11. exd6 Bxd6 12. Nc3 Nxd4 13. Nxd4 Qxd4 14. Nb5 Qb6 15. Bxd5 exd5 16. Be3 Qa6 17. Nxd6 Qxd6 18. Bd4 Be6 19. Qe5 Qxe5 20. Bxe5 Rfc8 21. Rac1 b6 22. Rxc8+ Rxc8 23. a3 Rc4 24. Rd1 f6 25. Bc3 Kf7 26. f3 g5 27. Kf2 Kg6 28. Rd4 Rc7 29. Rd2 h5 30. h3 Rc4 31. Rd4 Rc6 32. Rd3 f5 33. Rd4 Rc8 34. f4 Rc4 35. fxg5 Rxd4 36. Bxd4 Kxg5 37. Be3+ f4 38. Bd2 1/2-1/2

[Event "EU-ch 23rd"]
[Site "Vrnjacka Banja"]
[Date "2023.03.07"]
[Round "5"]
[White "Grieve, Harry"]
[Black "Wojtaszek, Radoslaw"]
[Result "0-1"]
[WhiteElo "2455"]
[BlackElo "2682"]
[PlyCount "108"]
[EventDate "2023.03.03"]
[EventType "swiss"]
[EventRounds "11"]
[EventCountry "SRB"]
[SourceTitle "CBM 213"]
[Source "ChessBase"]
[SourceDate "2023.04.30"]
[SourceVersion "1"]
[SourceVersionDate "2023.04.30"]
[SourceQuality "1"]

1. e4 e5 2. Nf3 Nc6 3. Bb5 a6 4. Ba4 Nf6 5. d4 exd4 6. 0-0 Be7 7. e5 Ne4 8. Nxd4 0-0 9. Nf5 d5 10. Nxe7+ Nxe7 11. c3 Nc5 12. Bc2 Bf5 13. Na3 Qd7 14. Be3 b6 15. Re1 Ne6 16. Qh5 Bxc2 17. Nxc2 c5 18. Bg5 Nxg5 19. Qxg5 Rad8 20. Ne3 h6 21. Qg3 Qe6 22. b3 Rd7 23. f4 d4 24. cxd4 cxd4 25. Nc4 Nf5 26. Qh3 d3 27. Rad1 Rfd8 28. Rd2 Rd4 29. g4 Qg6 30. Kh1 Ne7 31. Qf3 h5 32. gxh5 Qh6 33. Re4 Qc6 34. Re3 R8d5 35. f5 b5 36. f6 bxc4 37. bxc4 Rxe5 38. fxe7 Qxf3+ 39. Rxf3 Rxe7 40. Rfxd3 Rxc4 41. Ra3 Re6 42. Rg2 Rc5 43. Rag3 Re1+ 44. Rg1 Rxg1+ 45. Rxg1 Kh7 46. a4 Rc4 47. a5 Rc5 48. Ra1 Rg5 49. h4 Rxh5 50. Ra4 g5 51. Kg2 Rxh4 52. Rxh4+ gxh4 53. Kh3 Kg6 54. Kxh4 Kf5 0-1

[Event "EU-ch 23rd"]
[Site "Vrnjacka Banja"]
[Date "2023.03.06"]
[Round "4"]
[White "Levitan, Tal"]
[Black "Grieve, Harry"]
[Result "0-1"]
[WhiteElo "2276"]
[BlackElo "2455"]
[PlyCount "126"]
[EventDate "2023.03.03"]
[EventType "swiss"]
[EventRounds "11"]
[EventCountry "SRB"]
[SourceTitle "CBM 213"]
[Source "ChessBase"]
[SourceDate "2023.04.30"]
[SourceVersion "1"]
[SourceVersionDate "2023.04.30"]
[SourceQuality "1"]

1. e4 c5 2. c3 Nf6 3. e5 Nd5 4. d4 cxd4 5. cxd4 d6 6. Nf3 e6 7. Bc4 Be7 8. 0-0 0-0 9. Qe2 a6 10. Qe4 Nd7 11. Rd1 b5 12. Bxd5 exd5 13. Qf4 Nb6 14. Qg3 Kh8 15. Bf4 Nc4 16. b3 dxe5 17. dxe5 Na3 18. Nc3 Be6 19. Rd3 Qd7 20. Rad1 Rad8 21. Nd4 b4 22. Nce2 Rc8 23. Bg5 Nc2 24. h3 Nxd4 25. Rxd4 Rc2 26. Nf4 Bxg5 27. Qxg5 h6 28. Qg3 Qe7 29. Nxd5 Bxd5 30. Rxd5 Rxa2 31. Rd7 Qg5 32. Qxg5 hxg5 33. Rb7 a5 34. Rdd7 Kh7 35. Ra7 Kg6 36. Rd5 Rc8 37. Raxa5 Rc1+ 38. Kh2 Rxf2 39. e6 f6 40. Rd4 Rcc2 41. Rg4 Rce2 42. Kg1 f5 43. Rg3 Rf4 44. Rf3 Rxf3 45. gxf3 Rxe6 46. Kf2 Rc6 47. Rb5 Rc2+ 48. Kg1 Rc3 49. Rxb4 Rxf3 50. Kg2 Re3 51. Rb8 Kf6 52. Rb5 Rc3 53. Kh2 f4 54. Rb6+ Kf5 55. Rb5+ Kg6 56. b4 Kh5 57. Rc5 Rb3 58. b5 Kh4 59. Kg2 Rxh3 60. Rc7 Rb3 61. Rxg7 Rxb5 62. Kf3 Rb3+ 63. Ke4 Kg4 0-1